000 00843nam a22001695i 4500
001 160105
003 ES-MaACL
005 20230906211932.0
008 040920s1890 sp a |||| | spa d
040 _aCAM
_bspa
_cCAM
100 1 _aMontserrat y Archs, Juan.
_9130118
245 1 0 _aAguas minero-medicinales del manantial de Ntra. Sra. de la Esperanza y Fuentes de la Salud y San Juan del Balneario de Tortosa
_b: memoria histórico científica y usos terapéuticos /
_credactada por Juan Montserrat y Archs; y análisis químico analítico cualitativo y cuantitativo practicado por el químico Enrique Mir y Miró.
260 _aBarcelona :
_b[s.n.],
_c1890 (
_fImprenta de Pedro Ortega)
300 _a166 p., [1] h. pleg. de lám. ;
_c22 cm.
650 4 _aAguas minerales-
_zTortosa.
_9135532
852 _aES-MaACL
_jT-560-F-6
_z-- Enc. hol.
999 _c160105
_d160105